000 00308nam a22001337a 4500
008 171017b xxu||||| |||| 00| 0 eng d
020 _a9780673388391
041 _aeng
080 _23RD
_a330.101.542
100 _a52
101 _aMIK
245 _aINTERMEDIATE MICROECONOMICS
_cKOHLER,H
942 _2udc
_cBK
999 _c34400
_d34400